Human Resource Mnagement/ (Record no. 198493)

MARC details
000 -LEADER
fixed length control field 00588nam a22001937a 4500
005 - DATE AND TIME OF LATEST TRANSACTION
control field 20230921111600.0
010 ## - LCCN (DPL NO)
LC control number ENG-138218
020 ## - INTERNATIONAL STANDARD BOOK NUMBER
International Standard Book Number 9788190889285
Terms of availability 175.00
035 ## - SYSTEM CONTROL NUMBER
System control number EN-121750
037 ## - SOURCE OF ACQUISITION
Source of stock number/acquisition DBAD/PUB
082 ## - DEWEY DECIMAL CLASSIFICATION NUMBER
Classification number 658.3
100 ## - MAIN ENTRY--PERSONAL NAME
Personal name Babu Sathish.A.
245 ## - TITLE STATEMENT
Title Human Resource Mnagement/
Statement of responsibility, etc A. Sathish Babu
260 ## - PUBLICATION, DISTRIBUTION, ETC. (IMPRINT)
Place of publication, distribution, etc Andhra Pradesh
Name of publisher, distributor, etc Duvvuri Publications
Date of publication, distribution, etc 2010
270 ## - ADDRESS
Address M.I.G.-143 A.P.H.B. Colony
City Machilipatnam
Postal code 521001
300 ## - PHYSICAL DESCRIPTION
Extent 256,XXIV
Dimensions 24cm(pbk)
700 ## - ADDED ENTRY--PERSONAL NAME
Personal name Gopinathan Maheswaran
9 (RLIN) 56902
942 ## - ADDED ENTRY ELEMENTS (KOHA)
Source of classification or shelving scheme Dewey Decimal Classification
Item type English Books
Classification part 658.3
Call number suffix BAB
Holdings
Withdrawn status Lost status Not for loan Collection code Home library Current library Date acquired Source of acquisition Cost, normal purchase price Full call number Barcode Copy number Cost, replacement price Koha item type
      Non-fiction Patel Nagar Patel Nagar 21/09/2023 DBAD 175.00 658.3 BAB EN-121750 1 175.00 English Books

© Delhi Public Library
Hit Counter
free hit counter